Reinventing evangelism. (Record no. 16795)

000 -LEADER
fixed length control field 00492nam a2200169 a 4500
001 - CONTROL NUMBER
control field :::00020081$&:&@@
003 - CONTROL NUMBER IDENTIFIER
control field OkBaRHE
005 - DATE AND TIME OF LATEST TRANSACTION
control field 20011211120143.0
008 - FIXED-LENGTH DATA ELEMENTS--GENERAL INFORMATION
fixed length control field s1989 j 000 0 eng u
040 ## - CATALOGING SOURCE
Transcribing agency
100 1# - MAIN ENTRY--PERSONAL NAME
Personal name Posterski, Donald
245 10 - TITLE STATEMENT
Title Reinventing evangelism.
260 ## - PUBLICATION, DISTRIBUTION, ETC. (IMPRINT)
Place of publication, distribution, etc Downers Grove, IL
Name of publisher, distributor, etc InterVarsity Press
Date of publication, distribution, etc 1989
300 ## - PHYSICAL DESCRIPTION
Extent 202 p.
942 ## - ADDED ENTRY ELEMENTS (KOHA)
Source of classification or shelving scheme
Koha item type Books
Copies
Date last seen Current Location Withdrawn status Full call number Not for loan Date acquired Shelving location Damaged status Permanent Location Lost status Copy number Barcode Koha item type Source of classification or shelving scheme Price effective from
2012-02-10RHEMA Bible Training College BV 3790 .P652 2010-04-14General Stacks RHEMA Bible Training CollegeLong Overdue (Lost)120081Books 2010-04-14